[Event "Unterfranken-ch HB 59th"]
[Site "Rieneck"]
[Date "2008.03.28"]
[Round "8"]
[White "Richter, Monika"]
[Black "Schmid, Herbert"]
[Result "0-1"]
[WhiteElo "1147"]
[BlackElo "1647"]
[PlyCount "110"]
[EventDate "2008.03.24"]
[EventType "swiss"]
[EventRounds "9"]
[EventCountry "GER"]
[SourceTitle "EXT 2015"]
[Source "ChessBase"]
[SourceDate "2014.11.20"]
[SourceVersion "1"]
[SourceVersionDate "2014.11.20"]
[SourceQuality "1"]

1. e4 c6 2. Nf3 d5 3. Bd3 dxe4 4. Bxe4 Nf6 5. Nc3 Bg4 6. d3 e6 7. a3 Bd6 8. 0-0 0-0 9. Be3 Nbd7 10. h3 Bxf3 11. Bxf3 Qc7 12. g3 Nb6 13. Re1 Nbd5 14. Nxd5 cxd5 15. c3 b5 16. d4 a5 17. Qd3 Rfb8 18. b4 Qc4 19. Qxc4 bxc4 20. Reb1 axb4 21. axb4 Nd7 22. Bd1 Nb6 23. Bd2 e5 24. dxe5 Bxe5 25. Rc1 g6 26. Kg2 Rd8 27. Be3 Rxa1 28. Rxa1 Nd7 29. Bd2 d4 30. cxd4 Bxd4 31. Rc1 Nb6 32. Be2 Rc8 33. Kf3 Bb2 34. Rc2 c3 35. Bh6 Nd5 36. Ba6 Rd8 37. Re2 Nxb4 38. Bc4 c2 39. Re7 Rf8 40. Re1 Bg7 41. Bd2 Rc8 42. Re4 Nc6 43. Ke3 Ne5 44. Bd5 Rd8 45. Rd4 Rc8 46. f4 Nc6 47. Rc4 Re8+ 48. Kd3 Ne7 49. Be4 Nc8 50. Rxc2 h5 51. Bc6 Rd8+ 52. Ke2 Nd6 53. Ba5 Rc8 54. Bb4 Nf5 55. Rc4 Rxc6 0-1